| 000 | 01002nas a2200253Ia 4500 | ||
|---|---|---|---|
| 001 | R142/77673 | ||
| 003 | IT-RoPAU | ||
| 008 | 151124c99999999xx |||||||||||| ||und|| | ||
| 040 | _aIT-RoPAU | ||
| 040 | _cIT-RoPAU | ||
| 041 | _aFRANCESE | ||
| 100 |
_aTinland Franck _gCodice Aut. SPICS: 46016 |
||
| 210 | _aRESEAUX | ||
| 222 | _aReseaux | ||
| 245 |
_aRESEAUX, N.048 (LUGLIO/AGOSTO 1991) _bFaut-Il Avoir Peur Du "Nouveau Desordre Des Reseaux"? |
||
| 250 | _a1a ed. | ||
| 260 |
_aPARIS _bCNET _c1991 |
||
| 501 |
_bPaulus - SPICS - Società San Paolo EM (non-commercial uses only) _cCopyright2015 |
||
| 300 | _a12 p. [39-50] | ||
| 362 | _aN.048 (LUGLIO/AGOSTO 1991) | ||
| 500 | _aC'E' da Aver Paura del Nuovo Disordine Delle Reti? Mezzi Tecnici nella Rete Dello Spazio Interumano. Esistenza, Coesistenza, Cambio e Comunicazione. Altra Faccia dell'Ordine. Rumori di Fondo dell'Interattività e Autoregolamentazione Sociale. | ||
| 650 |
_aCOMUNICAZIONE _vPUBBLICAZIONE PERIODICA |
||
| 942 | _cCR | ||
| 999 |
_c191360 _d191360 |
||